00436 2200181 4500001002100000005001700021035002400038040001200062090001800074100001800092245003800110250001000148260002900158300002400187650001000211850001200221990002100233YOGYA00000000008624520141030091106.0 0010-081400000085962 aYOPDYOG aDEP 813 Adn F aAdnan Buchori aFallin Love With UcAdnan Buchori aEd. 1 aYogyakartabSheilac2013 av, 188 hlm.c18 cm. aFiksi aYOPDYOG aCB-D.11-2013-294